Unit 1 AP Euro - Statistics

General Stats
  • This quiz has been taken 104 times
    103 since last reset
  • The average score is 6 of 14
Answer Stats
Hint Answer % Correct
Painter of Mona Lisa (ninja turtle with blue headband) Leonardo Davinci
92%
Machine by which text and images are transferred from movable type to paper or other media by means of ink created by Gutenberg Printing Press
81%
"rebirth" or "___ "man Renaissance
68%
The year Columbus stumbled upon the Americas 1492
64%
the daddy of humanism Petrarch
60%
The exchange of new animals, disease, and foods between Europe and the Americas Columbian exchange
55%
Conflict between France and Great Britain over North American land claims(name comes from how long it lasted) 7 years war
47%
Provided religious tolerance as well as civil rights for the Huguenots Edict of nantes
44%
An agreement to accept the existence of both Lutheranism and Catholicism in Germany, 1555 Peace of Augsburg
35%
Forced voyage of Africans to the Americas across the Atlantic in gruesome conditions Middle Passage
21%
Ex: of these are the Dutch East India Company and British East India Company Joint Stock Companies
18%
An agreement made in 1516 between King Francis I of France and Pope Leo X that allowed the French king to select French bishops and abbots Concordat of bologna
6%
Motivation for European exploration Three G's
6%
Examples of this are the compass, Lateen sail, astrolabe, and rudder Maritime tech
5%
No matching quizzes found
Score Distribution
Percent of People with Each Score
Percentile by Number Answered
Your Score History
You have not taken this quiz since the last reset